[Event "ICS rated blitz match"]
[Site "204.178.125.65"]
[Date "1999.07.29"]
[Round "?"]
[White "Hossa"]
[Black "KnightStorm"]
[Result "1-0"]
[WhiteElo "2324"]
[BlackElo "2346"]
[PlyCount "117"]
[EventDate "1999.??.??"]

1. d4 d5 2. c4 c6 3. Nc3 e6 4. Nf3 Nf6 5. cxd5 exd5 6. Qc2 Bd6 7. e4 dxe4 8.
Nxe4 Nxe4 9. Qxe4+ Qe7 10. Qxe7+ Bxe7 11. Bd3 O-O 12. O-O Nd7 13. Re1 Bd6 14.
Bg5 f6 15. Bc4+ Kh8 16. Bd2 Nb6 17. Be6 Bxe6 18. Rxe6 Rad8 19. Ba5 Rfe8 20.
Rae1 Rxe6 21. Rxe6 Kg8 22. Re4 Kf7 23. Kf1 Rd7 24. Bxb6 axb6 25. a4 Re7 26.
Rxe7+ Kxe7 27. h4 Ke6 28. Ke2 Kd5 29. Kd3 g6 30. Nd2 Bc7 31. Ne4 Ke6 32. g3 f5
33. Ng5+ Kf6 34. Nxh7+ Ke6 35. f4 c5 36. Nf8+ Kf7 37. Nd7 Ke6 38. Ne5 Bxe5 39.
dxe5 Kd5 40. Kc3 Ke6 41. Kc4 Ke7 42. Kb5 Kd7 43. Kxb6 c4 44. Kxb7 Ke6 45. a5
Kd5 46. a6 Kd4 47. a7 Kd3 48. a8=Q c3 49. Qa6+ Kc2 50. bxc3 g5 51. hxg5 Kd2 52.
Qf6 Kc2 53. Qxf5+ Kb3 54. Qd3 Kb2 55. Qd2+ Kb3 56. g6 Kc4 57. g7 Kb5 58. Qd4
Ka5 59. Qb4# {KnightStorm checkmated} 1-0

[Event "ICS rated blitz match"]
[Site "204.178.125.65"]
[Date "1999.07.29"]
[Round "?"]
[White "TDChess"]
[Black "Hossa"]
[Result "1-0"]
[WhiteElo "2518"]
[BlackElo "2348"]
[PlyCount "117"]
[EventDate "1999.??.??"]

1. e4 e5 2. Nf3 Nf6 3. d4 exd4 4. e5 Ne4 5. Qxd4 f5 6. exf6 Nxf6 7. Be2 Nc6 8.
Qe3+ Be7 9. O-O O-O 10. Nd4 Nxd4 11. Qxd4 c5 12. Qe5 d6 13. Qg5 d5 14. Nc3 d4
15. Bc4+ Kh8 16. Nb5 a6 17. Na3 Ng4 18. Qh5 g6 19. Qd5 Bd6 20. g3 Rf5 21. Qg2
Rh5 22. h4 Qf8 23. Bd5 Rb8 24. Bg5 h6 25. Bd2 Qf5 26. Bb3 Be6 27. f3 Ne3 28.
Bxe3 Bxb3 29. axb3 Qf6 30. Bd2 g5 31. hxg5 hxg5 32. Kf2 Re8 33. Rh1 Rxh1 34.
Rxh1+ Kg8 35. Qh3 Be7 36. Bxg5 Qg6 37. Bxe7 b6 38. Qd7 d3 39. Rh6 Qxh6 40.
Qxe8+ Kh7 41. Qf7+ Qg7 42. Qxg7+ Kxg7 43. cxd3 Kg6 44. Bd8 b5 45. Be7 Kf5 46.
Bxc5 Ke6 47. Bb6 Kd5 48. Nc2 Kc6 49. g4 Kxb6 50. g5 a5 51. g6 a4 52. bxa4 bxa4
53. g7 Kc7 54. g8=Q Kd6 55. Qd8+ Kc5 56. Qc7+ Kd5 57. Qb6 a3 58. f4 axb2 59.
Ne3# {Hossa checkmated} 1-0

[Event "ICS rated blitz match"]
[Site "204.178.125.65"]
[Date "1999.07.29"]
[Round "?"]
[White "Hossa"]
[Black "R-172"]
[Result "1-0"]
[WhiteElo "2339"]
[BlackElo "2201"]
[PlyCount "99"]
[EventDate "1999.??.??"]

1. d4 Nf6 2. c4 e6 3. Nc3 Bb4 4. Bg5 h6 5. Bh4 Bxc3+ 6. bxc3 c5 7. e3 d6 8. Qf3
Nbd7 9. Bd3 Qa5 10. Ne2 O-O 11. O-O Re8 12. e4 e5 13. Rfd1 Nh7 14. Qg3 Ndf8 15.
f3 Ng6 16. d5 Bd7 17. Re1 Qc7 18. Rf1 a6 19. a3 b5 20. Qf2 Rf8 21. Bg3 f5 22.
Qe1 f4 23. Bf2 Qd8 24. Qd2 Qg5 25. Kh1 Qh5 26. Rab1 Rab8 27. Rb2 Rb7 28. a4
Rfb8 29. Rfb1 Ng5 30. Ng1 Nf8 31. cxb5 axb5 32. axb5 Rb6 33. c4 Nf7 34. Ra2 g5
35. Ra7 g4 36. fxg4 Bxg4 37. Rf1 Ng5 38. Qa5 Nd7 39. Ra8 f3 40. g3 Bh3 41. Nxh3
Qxh3 42. Rg1 Qg4 43. Qxb6 Nxb6 44. Rxb8+ Kg7 45. Rxb6 Nxe4 46. Bxe4 Qxe4 47.
Rxd6 Qe2 48. Ra1 Qxf2 49. Ra7+ Kf8 50. Rd8# {R-172 checkmated} 1-0

[Event "ICS rated blitz match"]
[Site "204.178.125.65"]
[Date "1999.07.29"]
[Round "?"]
[White "BvdDonk"]
[Black "Hossa"]
[Result "0-1"]
[WhiteElo "2014"]
[BlackElo "2349"]
[PlyCount "42"]
[EventDate "1999.??.??"]

1. e4 e5 2. Nf3 Nf6 3. Nxe5 Nxe4 4. d4 d6 5. Nf3 d5 6. Bd3 Be7 7. O-O O-O 8. c4
c6 9. cxd5 cxd5 10. Nc3 Nxc3 11. bxc3 Bg4 12. h3 Bh5 13. Qc2 Bxf3 14. Bxh7+ Kh8
15. gxf3 g6 16. Bxg6 fxg6 17. Kh1 Qc8 18. Kg2 Rf5 19. Bd2 Nc6 20. Rae1 Rxf3 21.
Kxf3 21... Nxd4+ {BvdDonk resigns} 0-1

[Event "ICS rated blitz match"]
[Site "204.178.125.65"]
[Date "1999.07.29"]
[Round "?"]
[White "Hossa"]
[Black "Nicy"]
[Result "1/2-1/2"]
[WhiteElo "2353"]
[BlackElo "2185"]
[PlyCount "73"]
[EventDate "1999.??.??"]

1. d4 d5 2. c4 c6 3. Nc3 e6 4. Nf3 f5 5. Ne5 Nf6 6. Bg5 Bd6 7. cxd5 exd5 8. e3
O-O 9. Be2 Qe8 10. Bxf6 Rxf6 11. f4 Be6 12. Qb3 Qe7 13. O-O-O b6 14. Qa4 b5 15.
Qc2 a5 16. Bh5 Ra6 17. Qf2 Nd7 18. Qh4 Nf8 19. Qg5 Rh6 20. Qxe7 Bxe7 21. Be8
Bc8 22. Bf7+ Kh8 23. Rd2 Rf6 24. Rc2 Bb7 25. Rf1 g6 26. g3 Kg7 27. Bxd5 cxd5
28. Nxb5 Rfb6 29. Rc7 Rxb5 30. Rxe7+ Kg8 31. Nf7 Rc6+ 32. Kb1 Ba6 33. Nh6+ Kh8
34. Nf7+ Kg8 35. Nh6+ Kh8 36. Nf7+ Kg8 37. Nh6+ {Game drawn by repetition}
1/2-1/2

[Event "ICS rated blitz match"]
[Site "204.178.125.65"]
[Date "1999.07.29"]
[Round "?"]
[White "Nicy"]
[Black "Hossa"]
[Result "1/2-1/2"]
[WhiteElo "2192"]
[BlackElo "2346"]
[PlyCount "94"]
[EventDate "1999.??.??"]

1. d4 g6 2. Nf3 f5 3. Bg5 Bh6 4. Bxh6 Nxh6 5. e3 d6 6. Bc4 Ng4 7. h3 Nf6 8. Nc3
Nc6 9. a3 Bd7 10. Qd2 Na5 11. Ba2 Nc6 12. O-O-O e5 13. dxe5 Nxe5 14. Nxe5 dxe5
15. Nd5 Bc6 16. Nxf6+ Qxf6 17. Rhg1 Rd8 18. Qxd8+ Qxd8 19. Rxd8+ Kxd8 20. g3
Bf3 21. c3 Kd7 22. Bb3 Rd8 23. Bd1 Bd5 24. Ba4+ Ke7 25. Rd1 Bg2 26. h4 Rxd1+
27. Kxd1 Bf3+ 28. Kd2 c5 29. Bb3 b6 30. Bg8 h5 31. b4 cxb4 32. cxb4 b5 33. Kd3
a6 34. Bb3 Kf6 35. Kd2 Be4 36. Bc2 Bxc2 37. Kxc2 e4 38. Kd2 Ke5 39. Kc2 Ke6 40.
Kd2 Kd7 41. Kc2 Kc6 42. Kd2 Kd5 43. Kc3 Kc6 44. Kb3 Kd5 45. Kc3 Kc6 46. Kb3 Kd5
47. Kc3 47... Kc6 {Game drawn by repetition} 1/2-1/2

[Event "ICS Rated blitz match"]
[Site "204.178.125.65"]
[Date "1999.07.29"]
[Round "?"]
[White "Hossa"]
[Black "libertad"]
[Result "1-0"]
[WhiteElo "2351"]
[BlackElo "2360"]
[PlyCount "65"]
[EventDate "1999.??.??"]

1. d4 Nf6 2. c4 c6 3. Nf3 d5 4. Qc2 g6 5. cxd5 cxd5 6. Qa4+ Nc6 7. Nbd2 Bf5 8.
e3 Bg7 9. Ne5 Qc7 10. Bb5 Rc8 11. Qxa7 O-O 12. Bxc6 bxc6 13. Qxc7 Rxc7 14. O-O
c5 15. Nb1 cxd4 16. exd4 Rfc8 17. Nc3 Ne4 18. Nxd5 Rc2 19. Nxe7+ Kf8 20. Nxc8
Bxc8 21. f3 Nd6 22. Rf2 Rc7 23. Bf4 Be6 24. d5 Rd7 25. Nxd7+ Ke7 26. dxe6 fxe6
27. Bxd6+ Kxd7 28. Rd2 Ke8 29. Re1 Kf7 30. Be5 Bh6 31. Rd7+ Ke8 32. Rxh7 Bg5
33. Bf6 {libertad resigns} 1-0

[Event "ICS rated blitz match"]
[Site "204.178.125.65"]
[Date "1999.07.29"]
[Round "?"]
[White "libertad"]
[Black "Hossa"]
[Result "1-0"]
[WhiteElo "2344"]
[BlackElo "2367"]
[PlyCount "139"]
[EventDate "1999.??.??"]

1. d4 g6 2. e4 Bg7 3. Nf3 d5 4. exd5 Qxd5 5. Nc3 Qa5 6. Bb5+ Bd7 7. Bd2 Qb6 8.
Qe2 Bxd4 9. Nxd4 Qxd4 10. O-O-O Bc6 11. Bh6 Qf6 12. Bxc6+ Nxc6 13. Nd5 Qd6 14.
Bg7 Rc8 15. Qb5 Rb8 16. Qc5 h6 17. Qxd6 cxd6 18. Bxh8 Kd8 19. Bc3 e6 20. Nf6
Nxf6 21. Bxf6+ Kc7 22. Rhe1 d5 23. c3 Rc8 24. Kd2 b5 25. a3 a5 26. Re3 a4 27.
Rh3 h5 28. f3 Nb8 29. g4 Nd7 30. Bd4 hxg4 31. fxg4 e5 32. Be3 f5 33. gxf5 gxf5
34. Rh7 f4 35. Bf2 Re8 36. Rg1 e4 37. Ke2 e3 38. Rgg7 exf2+ 39. Kxf2 Rd8 40.
Kf3 Kd6 41. Rxd7+ Rxd7 42. Rxd7+ Kxd7 43. Kxf4 Ke6 44. Ke3 Ke5 45. h4 Ke6 46.
h5 Ke5 47. h6 Kf6 48. Kd4 Kg6 49. Kxd5 Kxh6 50. Kc5 Kg5 51. Kxb5 Kf6 52. Kb6
Ke6 53. c4 Kd7 54. c5 Kd8 55. Kb7 Kd7 56. c6+ Ke6 57. c7 Kd6 58. c8=Q Ke5 59.
Qc4 Kf5 60. Qxa4 Kf6 61. Qb5 Kf7 62. Qc6 Ke7 63. a4 Kf7 64. a5 Kg8 65. a6 Kh7
66. a7 Kg7 67. a8=Q Kh7 68. Qac8 Kg7 69. Q8d7+ Kf8 70. Qcc8# {Hossa checkmated}
1-0

[Event "ICS Rated blitz match"]
[Site "204.178.125.65"]
[Date "1999.07.29"]
[Round "?"]
[White "Hossa"]
[Black "libertad"]
[Result "0-1"]
[WhiteElo "2354"]
[BlackElo "2351"]
[PlyCount "138"]
[EventDate "1999.??.??"]

1. d4 Nf6 2. c4 e5 3. d5 Bc5 4. e3 d6 5. Nc3 O-O 6. Bd3 Bb4 7. Nge2 e4 8. Bb1
Bg4 9. Bd2 Bxc3 10. Bxc3 Nbd7 11. Qd2 Nb6 12. Bxf6 Qxf6 13. Bxe4 Nxc4 14. Qc2
Qxb2 15. Qxb2 Nxb2 16. Rb1 Na4 17. Rxb7 Nc5 18. Rb4 Rfb8 19. Rxb8+ Rxb8 20. Bc2
Rb2 21. Nd4 Rxa2 22. f3 Ra1+ 23. Bd1 Bd7 24. O-O a5 25. e4 a4 26. Kf2 a3 27.
Nc2 Ra2 28. Kg3 Bb5 29. Rg1 Ba4 30. Ne3 Ra1 31. Rf1 Bxd1 32. Nc2 Ra2 33. Nxa3
Rxa3 34. Rxd1 Nxe4+ 35. Kh4 Nf6 36. Rb1 g6 37. Rb5 Kg7 38. Kg3 Rd3 39. Rb2 Nxd5
40. Rb8 c5 41. Re8 h5 42. Kf2 Rd2+ 43. Kf1 c4 44. h4 c3 45. Rc8 c2 46. g4 hxg4
47. fxg4 Ne3+ 48. Ke1 Rd1+ 49. Ke2 c1=Q 50. Rxc1 Rxc1 51. Kxe3 Rh1 52. Kf3 Rxh4
53. Kg3 Rxg4+ 54. Kxg4 f5+ 55. Kf4 Kf6 56. Kf3 g5 57. Ke2 d5 58. Kf2 g4 59. Ke1
Kg5 60. Kd1 f4 61. Kc2 g3 62. Kd2 g2 63. Ke2 g1=Q 64. Kf3 Qg3+ 65. Ke2 Qe3+ 66.
Kf1 Qd2 67. Kg1 f3 68. Kf1 Qe2+ 69. Kg1 69... Qg2# {Hossa checkmated} 0-1

[Event "ICS rated blitz match"]
[Site "204.178.125.65"]
[Date "1999.07.29"]
[Round "?"]
[White "libertad"]
[Black "Hossa"]
[Result "1/2-1/2"]
[WhiteElo "2367"]
[BlackElo "2338"]
[PlyCount "140"]
[EventDate "1999.??.??"]

1. d4 g6 2. e4 Bg7 3. Nc3 e5 4. dxe5 Bxe5 5. Nf3 Bxc3+ 6. bxc3 Nc6 7. Bg5 f6 8.
Be3 Nge7 9. Bc4 Na5 10. Bd3 d5 11. Qe2 Rf8 12. Bh6 Rf7 13. O-O Bg4 14. Rad1
Nac6 15. exd5 Bxf3 16. Qxf3 Ne5 17. Qh3 Qd7 18. Qxd7+ Nxd7 19. Rfe1 O-O-O 20.
c4 Re8 21. Be3 Ne5 22. Bxa7 h5 23. Bd4 Nxd3 24. cxd3 Kd7 25. Re6 Ref8 26. Rb1
Nf5 27. Bc5 Ra8 28. Rxb7 Rxa2 29. Kf1 Rd2 30. Rb8 Ng7 31. Ra6 Rxd3 32. Raa8 Ne6
33. Re8 Rd1+ 34. Ke2 Rxd5 35. cxd5 Nf4+ 36. Kf1 Nxd5 37. Rad8+ Kc6 38. Ba3 Nb6
39. Re6+ Kb7 40. Be7 f5 41. Bg5 Rg7 42. h4 Nd7 43. Rxd7 Rxd7 44. Rxg6 Rd6 45.
Rxd6 cxd6 46. Ke2 Kc6 47. Kf3 Kd5 48. Ke3 Ke5 49. Bf4+ Kd5 50. Bxd6 Kxd6 51.
Kf4 Ke6 52. Kg5 Ke5 53. Kxh5 Ke4 54. Kg6 f4 55. h5 Kd5 56. h6 f3 57. h7 fxg2
58. h8=Q g1=Q+ 59. Kh7 Qh2+ 60. Kg8 Qxf2 61. Qh5+ Kd4 62. Qg4+ Kc5 63. Qc8+ Kd4
64. Qd8+ Ke4 65. Qe7+ Kf3 66. Qf7+ Ke3 67. Qe7+ Kf3 68. Qf7+ Ke3 69. Qe7+ Kf3
70. Qf7+ 70... Ke3 {Game drawn by repetition} 1/2-1/2

[Event "ICS rated blitz match"]
[Site "204.178.125.65"]
[Date "1999.07.29"]
[Round "?"]
[White "Hossa"]
[Black "libertad"]
[Result "0-1"]
[WhiteElo "2339"]
[BlackElo "2366"]
[PlyCount "64"]
[EventDate "1999.??.??"]

1. d4 Nf6 2. c4 e5 3. d5 Bc5 4. e3 d6 5. Nc3 O-O 6. Bd3 Bb4 7. e4 Bxc3+ 8. bxc3
Na6 9. Bg5 Nc5 10. Ne2 h6 11. Bxf6 Qxf6 12. O-O Bg4 13. f3 Qg5 14. Qc1 Qh4 15.
Bc2 Bd7 16. Qe1 Qg5 17. f4 exf4 18. Nxf4 Rae8 19. Qf2 Nxe4 20. Qxa7 Nxc3 21.
Bd3 Bg4 22. Qxb7 Be2 23. Rf2 Bxd3 24. Nxd3 Qe3 25. Qxc7 Qxd3 26. Raf1 Ne4 27.
Rf3 Qd4+ 28. Kh1 Nd2 29. Rf5 Nxf1 30. Rxf1 Qf2 31. Rxf2 Re1+ 32. Rf1 32...
Rxf1# {Hossa checkmated} 0-1

[Event "ICS rated blitz match"]
[Site "204.178.125.65"]
[Date "1999.07.29"]
[Round "?"]
[White "Hossa"]
[Black "JUNIORE"]
[Result "1-0"]
[WhiteElo "2324"]
[BlackElo "2159"]
[PlyCount "153"]
[EventDate "1999.??.??"]

1. d4 Nf6 2. c4 c5 3. d5 b5 4. cxb5 a6 5. f3 d6 6. e4 Nbd7 7. a4 g6 8. Na3 Bg7
9. Ne2 O-O 10. Nc3 Bb7 11. bxa6 Bxa6 12. Bxa6 Rxa6 13. Nc4 Nb6 14. Qb3 Nxc4 15.
Qxc4 Qa8 16. O-O Nd7 17. Qa2 Rb8 18. Bg5 Kf8 19. Rfe1 Ne5 20. Re2 h6 21. Be3
Rb4 22. Rc1 Nd3 23. Rcc2 Bd4 24. Qa3 Qb7 25. Bxd4 cxd4 26. Nb5 Rxb5 27. Qxd3
Rb4 28. Qd2 Kg7 29. Rc7 Qxc7 30. Qxb4 d3 31. Rf2 Qc1+ 32. Rf1 Qe3+ 33. Kh1 Rb6
34. Qc3+ f6 35. b4 Qe2 36. Re1 Qc2 37. Qxc2 dxc2 38. b5 Kf7 39. Rc1 Ke8 40.
Rxc2 Kd7 41. Rb2 Kc7 42. a5 Rb8 43. Kg1 Kb7 44. Kf2 Rc8 45. Ke3 Rc3+ 46. Kd4
Ra3 47. a6+ Kb6 48. Kc4 Ra4+ 49. Kd3 Ra3+ 50. Kd4 Ra4+ 51. Ke3 Ra3+ 52. Ke2 Ra1
53. g4 Rc1 54. Kd3 Ra1 55. Ke3 Ra3+ 56. Ke2 Ra1 57. Kf2 Rh1 58. Kg3 Rg1+ 59.
Kf4 Rh1 60. Ke3 Re1+ 61. Kd4 Rd1+ 62. Kc4 Rc1+ 63. Kb4 Ra1 64. Rb3 Rc1 65. h3
Rc5 66. Ka4 Rc4+ 67. Rb4 Rc1 68. Rb2 Ra1+ 69. Kb4 Rc1 70. h4 Rc8 71. Ra2 Rc1
72. a7 Rb1+ 73. Kc3 Rc1+ 74. Kd4 Rc6 75. a8=Q Kc7 76. Ra7+ Kb6 77. Qb7# {
JUNIORE checkmated} 1-0

[Event "ICS rated blitz match"]
[Site "204.178.125.65"]
[Date "1999.07.29"]
[Round "?"]
[White "Nicy"]
[Black "Hossa"]
[Result "0-1"]
[WhiteElo "2199"]
[BlackElo "2333"]
[PlyCount "64"]
[EventDate "1999.??.??"]

1. d4 g6 2. Nf3 f5 3. Bg5 Bh6 4. Bxh6 Nxh6 5. e3 d6 6. Bc4 Ng4 7. h3 Nf6 8. Nc3
d5 9. Bd3 Nbd7 10. Qe2 c5 11. dxc5 Nxc5 12. O-O O-O 13. Qd1 e6 14. Ne2 Qc7 15.
c3 e5 16. Bc2 Be6 17. Bb3 Rad8 18. Qc2 Nfe4 19. Rfd1 b6 20. Rac1 Qg7 21. Ne1
Rd6 22. Nd3 a5 23. a3 Rf7 24. Ba2 Nxd3 25. Qxd3 Qh6 26. b4 Qh4 27. Rf1 axb4 28.
cxb4 g5 29. Rc2 g4 30. hxg4 fxg4 31. g3 Qh3 32. Nc3 32... Ng5 {Nicy resigns}
0-1

[Event "ICS rated blitz match"]
[Site "204.178.125.65"]
[Date "1999.07.29"]
[Round "?"]
[White "libertad"]
[Black "Hossa"]
[Result "1-0"]
[WhiteElo "2381"]
[BlackElo "2343"]
[PlyCount "139"]
[EventDate "1999.??.??"]

1. Nf3 Nf6 2. d4 d5 3. e3 Bg4 4. Bb5+ Nfd7 5. h3 Bxf3 6. Qxf3 c6 7. Be2 e5 8.
c4 Na6 9. O-O Nb4 10. a3 Nc2 11. Ra2 e4 12. Qg3 Qa5 13. Bd2 Qa4 14. Nc3 Qb3 15.
cxd5 Rc8 16. d6 g6 17. Rc1 f6 18. Bd1 Qe6 19. Bxc2 f5 20. d5 Qxd6 21. Qxd6 Bxd6
22. dxc6 bxc6 23. Bb3 Rd8 24. Na4 Ne5 25. Bc3 Rb8 26. Be6 Rb7 27. Bxe5 Bxe5 28.
Rxc6 Rc7 29. Rxc7 Bxc7 30. b4 Ke7 31. Bb3 Rd8 32. Nc3 Rd3 33. Nd5+ Kd8 34. Nxc7
Rxb3 35. Ne6+ Ke8 36. Nd4 Rc3 37. a4 Rc7 38. b5 Kf7 39. Rc2 Rb7 40. Rc6 Rd7 41.
a5 f4 42. b6 axb6 43. axb6 fxe3 44. fxe3 Ke7 45. Rc7 Rxc7 46. bxc7 Kd7 47. Ne6
Kc8 48. g4 h6 49. h4 Kd7 50. g5 hxg5 51. hxg5 Kc8 52. Kg2 Kd7 53. Kg3 Kc8 54.
Kf4 Kb7 55. Kxe4 Kc8 56. Ke5 Kd7 57. Kf6 Kc8 58. Ke7 Kb7 59. Kd7 Kb6 60. c8=Q
Kb5 61. Qc5+ Ka4 62. Qb6 Ka3 63. Qb1 Ka4 64. Qb2 Ka5 65. Qb3 Ka6 66. Nc5+ Ka5
67. Nd3 Ka6 68. Qb4 Ka7 69. Nc5 Ka8 70. Qb7# {Hossa checkmated} 1-0

[Event "ICS rated blitz match"]
[Site "204.178.125.65"]
[Date "1999.07.29"]
[Round "?"]
[White "Hossa"]
[Black "StanleyCup"]
[Result "1/2-1/2"]
[WhiteElo "2329"]
[BlackElo "2425"]
[PlyCount "135"]
[EventDate "1999.??.??"]

1. d4 d5 2. c4 e6 3. Nc3 Nf6 4. cxd5 exd5 5. Bg5 Be7 6. e3 c6 7. Nf3 Bf5 8. Bd3
Bxd3 9. Qxd3 O-O 10. O-O Nbd7 11. Qf5 Ne4 12. Nxe4 dxe4 13. Bxe7 Qxe7 14. Ng5
Nf6 15. f3 exf3 16. Rxf3 Rad8 17. Qd3 Rd5 18. Rxf6 Rxg5 19. Rf4 Re8 20. e4 Qe6
21. a3 Rb5 22. Rb1 Rd8 23. d5 Qd7 24. a4 Ra5 25. Rbf1 cxd5 26. Rxf7 Qxf7 27.
Rxf7 Kxf7 28. Qc2 Rd7 29. b4 Ra6 30. exd5 Rad6 31. Qf2+ Kg6 32. Qg3+ Kf5 33.
Qh3+ Ke5 34. Qh5+ Kd4 35. Qxh7 Kc3 36. Qe4 Rxd5 37. b5 Rd4 38. Qe5 Kb4 39. b6
axb6 40. Qb5+ Ka3 41. h4 R7d6 42. Qg5 g6 43. a5 bxa5 44. Qxa5+ Kb3 45. Qb5+ Rb4
46. Qe5 Rbb6 47. h5 gxh5 48. Qxh5 Rb4 49. Qe2 b5 50. g4 Rc4 51. Qf3+ Kb4 52.
Qe2 Rdd4 53. g5 Kc3 54. Qe3+ Kc2 55. Qe5 b4 56. g6 b3 57. g7 b2 58. Qe2+ Kb3
59. Qf3+ Kb4 60. Qf8+ Kc3 61. Qf3+ Rd3 62. Qf6+ Kc2 63. Qf2+ Rd2 64. Qf5+ Kc3
65. Qf3+ Kc2 66. Qf5+ Rd3 67. Qf2+ Rd2 68. Qf5+ {Game drawn by repetition}
1/2-1/2

[Event "ICS rated blitz match"]
[Site "204.178.125.65"]
[Date "1999.07.29"]
[Round "?"]
[White "occam"]
[Black "Hossa"]
[Result "1-0"]
[WhiteElo "2420"]
[BlackElo "2333"]
[PlyCount "191"]
[EventDate "1999.??.??"]

1. e4 e5 2. Nf3 Nf6 3. Nxe5 Nxe4 4. Qe2 d5 5. d3 Qe7 6. dxe4 Qxe5 7. exd5 Bd6
8. Qxe5+ Bxe5 9. Be2 Bf5 10. c4 O-O 11. O-O Nd7 12. Re1 Nc5 13. Nc3 Bxc3 14.
bxc3 Nd3 15. Rd1 Nxc1 16. Raxc1 Rae8 17. Re1 b6 18. h3 Bg6 19. Bf1 a5 20. Re2
Rxe2 21. Bxe2 Re8 22. Kf1 Be4 23. f3 Bf5 24. Kf2 h5 25. Re1 h4 26. f4 Re4 27.
Kf3 Re8 28. a3 f6 29. Rd1 Bc2 30. Rd2 Be4+ 31. Kf2 Kf7 32. Bd1 Kg6 33. Bg4 f5
34. Bd1 Kh7 35. Ba4 Rg8 36. Ke3 g5 37. Bd7 Rg6 38. Bc8 Kg7 39. Re2 gxf4+ 40.
Kxf4 Kf6 41. Rd2 Rg8 42. Be6 Rg3 43. d6 Kxe6 44. d7 Rg8 45. d8=Q Rxd8 46. Rxd8
Bxg2 47. Rh8 Bxh3 48. Rh6+ Kd7 49. Rxh4 Bg4 50. Ke5 Kc6 51. Rh7 a4 52. Re7 Bh3
53. Rg7 Kb7 54. Rg8 Bg4 55. Rh8 c5 56. Rh7+ Ka6 57. Re7 Bh3 58. Rf7 Bg4 59. Rf6
Kb7 60. Re6 Bh3 61. Kd6 Bf1 62. Re5 Bd3 63. Re7+ Ka6 64. Kd5 Be4+ 65. Ke5 Bd3
66. Kf4 Be4 67. Ke3 b5 68. Re6+ Ka5 69. Re5 Kb6 70. cxb5 Kxb5 71. Re7 Kc4 72.
Kd2 Kb3 73. Rd7 Kxa3 74. Rc7 Kb2 75. Rxc5 a3 76. Rb5+ Ka1 77. c4 a2 78. Kc3 f4
79. Rg5 f3 80. Rg1+ Bb1 81. Rf1 f2 82. Rxf2 Bd3 83. Kxd3 Kb1 84. Kc3 a1=B+ 85.
Kb3 Kc1 86. Rf1+ Kd2 87. Rxa1 Ke3 88. c5 Kf2 89. c6 Kf3 90. c7 Kf4 91. c8=Q Ke4
92. Re1+ Kf3 93. Qf5+ Kg2 94. Qg4+ Kf2 95. Re2+ Kf1 96. Qg2# {Hossa checkmated}
1-0

[Event "ICS rated blitz match"]
[Site "204.178.125.65"]
[Date "1999.07.29"]
[Round "?"]
[White "IlDivino"]
[Black "Hossa"]
[Result "0-1"]
[WhiteElo "2049"]
[BlackElo "2321"]
[PlyCount "76"]
[EventDate "1999.??.??"]

1. c4 g6 2. Nc3 e5 3. d3 Bc5 4. e4 d6 5. Nf3 f5 6. Bg5 Qd7 7. Be2 h6 8. Bd2 Qf7
9. O-O Na6 10. a3 Nf6 11. b4 fxe4 12. Nxe4 Bb6 13. Bc3 O-O 14. d4 Nxe4 15. Qc2
Nxc3 16. Qxc3 exd4 17. Nxd4 Qg7 18. Rad1 Rf4 19. Nb5 Qf7 20. Bf3 Kh7 21. a4
Qxc4 22. Qxc4 Rxc4 23. a5 Rxb4 24. axb6 Rxb5 25. bxc7 Nxc7 26. Rxd6 Bf5 27. h3
Rb2 28. g4 Ne8 29. Rd5 Be6 30. Re5 Ng7 31. Rc1 Rf8 32. Kg2 Rf7 33. Kg3 Bb3 34.
h4 Ne6 35. h5 g5 36. Be4+ Kg7 37. f3 Nf4 38. Rg1 38... Ne2+ {IlDivino resigns}
0-1

[Event "ICS rated blitz match"]
[Site "204.178.125.65"]
[Date "1999.07.29"]
[Round "?"]
[White "Adunaphel"]
[Black "Hossa"]
[Result "0-1"]
[WhiteElo "2074"]
[BlackElo "2333"]
[PlyCount "34"]
[EventDate "1999.??.??"]

1. d4 g6 2. e4 Bg7 3. Nf3 d5 4. e5 f6 5. exf6 Nxf6 6. Bd3 Nc6 7. O-O Bg4 8. c3
O-O 9. h3 Bxf3 10. Qxf3 e5 11. dxe5 Nxe5 12. Qd1 Qd6 13. Be3 Rae8 14. Bd4 c5
15. Bxe5 Qxe5 16. Nd2 Qf4 17. Qf3 17... Qxd2 {Adunaphel resigns} 0-1

[Event "ICS rated blitz match"]
[Site "204.178.125.65"]
[Date "1999.07.29"]
[Round "?"]
[White "Hossa"]
[Black "IlDivino"]
[Result "1-0"]
[WhiteElo "2339"]
[BlackElo "2043"]
[PlyCount "37"]
[EventDate "1999.??.??"]

1. d4 e6 2. e4 d5 3. exd5 exd5 4. Bd3 Bd6 5. Ne2 Nf6 6. O-O O-O 7. c4 c6 8. c5
Bc7 9. Qc2 h6 10. Be3 Bg4 11. Nd2 Na6 12. Bxa6 bxa6 13. f3 Bh5 14. Bf4 Bg6 15.
Qa4 Bxf4 16. Nxf4 Rb8 17. Qxc6 Rxb2 18. Nb3 Bd3 19. Nxd3 {IlDivino resigns} 1-0

[Event "ICS rated blitz match"]
[Site "204.178.125.65"]
[Date "1999.07.29"]
[Round "?"]
[White "jyrkip"]
[Black "Hossa"]
[Result "0-1"]
[WhiteElo "2312"]
[BlackElo "2344"]
[PlyCount "76"]
[EventDate "1999.??.??"]

1. e4 e5 2. Nf3 Nf6 3. Nxe5 Nxe4 4. Qe2 d5 5. d3 Qe7 6. dxe4 Qxe5 7. exd5 Bd6
8. Nc3 O-O 9. Qxe5 Bxe5 10. Bd2 Bxc3 11. Bxc3 Re8+ 12. Be2 Bf5 13. Rc1 Be4 14.
f3 Bxd5 15. Kf2 Nc6 16. Rhd1 Rad8 17. Bb5 a6 18. Ba4 b5 19. Bb3 Bxb3 20. axb3
b4 21. Be1 f6 22. c3 Ne5 23. Rxd8 Rxd8 24. Ke2 Nd3 25. Rc2 c5 26. Rd2 bxc3 27.
Rxd3 Re8+ 28. Kd1 cxb2 29. Kc2 Rxe1 30. Kxb2 Re2+ 31. Kc3 Rxg2 32. Kc4 Rxh2 33.
Kxc5 Kf7 34. Kb6 Ra2 35. b4 g5 36. Rd7+ Kg6 37. Ra7 Ra4 38. b5 38... axb5 {
jyrkip resigns} 0-1

[Event "ICS rated blitz match"]
[Site "204.178.125.65"]
[Date "1999.07.29"]
[Round "?"]
[White "Hossa"]
[Black "jyrkip"]
[Result "1-0"]
[WhiteElo "2359"]
[BlackElo "2297"]
[PlyCount "69"]
[EventDate "1999.??.??"]

1. d4 f5 2. c4 Nf6 3. Nc3 e6 4. e3 d5 5. Bd3 c6 6. Bd2 Bd6 7. Nf3 O-O 8. O-O
Ne4 9. Rc1 Nd7 10. cxd5 exd5 11. a3 Ndf6 12. Qe2 Qe8 13. Rc2 Bd7 14. Bc1 Rd8
15. b3 Bb8 16. Bb2 Qe7 17. Ne5 Bxe5 18. dxe5 Ng4 19. f4 Qh4 20. h3 Ng3 21. Qe1
d4 22. exd4 Be6 23. Rf3 Rxd4 24. Qxg3 Qxg3 25. Rxg3 Nh6 26. Ne2 Rdd8 27. Nd4
Bd5 28. Re3 c5 29. Rxc5 b6 30. Rc7 Nf7 31. e6 Nd6 32. Rxg7+ Kxg7 33. Nxf5+ Kg6
34. Rg3+ Kh5 35. Rg5# {jyrkip checkmated} 1-0

[Event "ICS rated blitz match"]
[Site "204.178.125.65"]
[Date "1999.07.29"]
[Round "?"]
[White "Hossa"]
[Black "jyrkip"]
[Result "1-0"]
[WhiteElo "2372"]
[BlackElo "2274"]
[PlyCount "45"]
[EventDate "1999.??.??"]

1. d4 f5 2. c4 Nf6 3. Nc3 e6 4. e3 d5 5. Bd3 c6 6. Bd2 Bd6 7. Nf3 O-O 8. O-O
Ne4 9. Rc1 Nd7 10. cxd5 exd5 11. a3 Ndf6 12. Qe2 Qe8 13. Rc2 Qh5 14. Bc1 g5 15.
Ne5 g4 16. b4 Bxe5 17. dxe5 Nxc3 18. Rxc3 Ne4 19. Rc2 Qg5 20. f3 gxf3 21. Rxf3
Be6 22. Bxe4 fxe4 23. Rg3 {jyrkip resigns} 1-0

[Event "ICS rated blitz match"]
[Site "204.178.125.65"]
[Date "1999.07.29"]
[Round "?"]
[White "jyrkip"]
[Black "Hossa"]
[Result "0-1"]
[WhiteElo "2254"]
[BlackElo "2384"]
[PlyCount "46"]
[EventDate "1999.??.??"]

1. e4 e5 2. Nf3 Nf6 3. Nxe5 Nxe4 4. Qe2 d5 5. d3 Qe7 6. dxe4 Qxe5 7. exd5 Bd6
8. Nc3 O-O 9. Be3 Bb4 10. Qd3 c6 11. dxc6 Nxc6 12. O-O-O Be6 13. Nd5 Rad8 14.
c4 b5 15. b3 Ba3+ 16. Kd2 Bxd5 17. f4 Qb2+ 18. Ke1 Bb4+ 19. Bd2 Bxc4 20. bxc4
Rfe8+ 21. Kf2 Rxd3 22. Bxd3 Qd4+ 23. Kg3 23... Qxd3+ {jyrkip resigns} 0-1

[Event "ICS rated blitz match"]
[Site "204.178.125.65"]
[Date "1999.07.29"]
[Round "?"]
[White "Hossa"]
[Black "MiddleHead"]
[Result "1-0"]
[WhiteElo "2394"]
[BlackElo "2247"]
[PlyCount "51"]
[EventDate "1999.??.??"]

1. d4 d6 2. e4 Nf6 3. Nc3 g6 4. Bg5 c6 5. Bc4 Bg7 6. Nge2 O-O 7. O-O b5 8. Bd3
a6 9. Qd2 e5 10. dxe5 dxe5 11. Rad1 Be6 12. a3 Nbd7 13. f3 Nc5 14. Bh6 Nxd3 15.
cxd3 c5 16. Bxg7 Kxg7 17. f4 Qd6 18. fxe5 Qxe5 19. Qf4 Qxf4 20. Rxf4 Rfd8 21.
b4 Rac8 22. bxc5 Rxc5 23. d4 Rc7 24. d5 Bg4 25. e5 Bxe2 26. exf6+ {
MiddleHead resigns} 1-0